00670naa a2200181 a 450000100080000000500110000800800410001910000170006024501360007726000090021330000140022249000370023665000090027365000140028270000190029670000230031577301500033814679902005-07-07 2004 bl uuuu u00u1 u #d1 aDOMIT, L. A. aDifusão de cultivares de soja para os Estados do Paraná, de São Paulo, de Santa Catarina e Mato Grosso do Sul (04.02.616.00-02). c2004 ap. 17-19. a(Embrapa Soja. Documentos, 244). aSoja aVariedade1 aMIRANDA, L. C.1 aOLIVEIRA, A. B. de tIn: SARAIVA, O. F. (Org.). Resultados de pesquisa da Embrapa Soja - 2003: sementes e transferência de tecnologias. Londrina: Embrapa Soja, 2004.